[Event "La Roda op 50th"]
[Site "La Roda"]
[Date "2024.03.31"]
[Round "8"]
[White "Martinez Reyes, Pedro Ramon"]
[Black "Roquero Redondo, Miguel"]
[Result "1/2-1/2"]
[WhiteElo "2332"]
[BlackElo "2086"]
[PlyCount "52"]
[EventDate "2024.03.27"]
[EventType "swiss"]
[EventRounds "9"]
[EventCountry "ESP"]
[SourceTitle "CB14_2024"]
[SourceDate "2024.04.01"]
[SourceVersion "1"]
[SourceVersionDate "2024.04.01"]
[SourceQuality "1"]

1. c4 e6 2. e4 c5 3. Nf3 Nc6 4. d4 cxd4 5. Nxd4 Nf6 6. Nc3 Bb4 7. Qd3 a6 8. Nc2 Be7 9. Be2 0-0 10. Bf4 d6 11. 0-0 Qc7 12. b3 b6 13. Rfd1 Rd8 14. Rac1 Bb7 15. Ne3 Ne5 16. Qb1 Rac8 17. Bg3 Qb8 18. b4 Qa8 19. f3 Nh5 20. Bf2 Nf4 21. Bf1 h5 22. Na4 Nh3+ 23. gxh3 Nxf3+ 24. Kh1 Bxe4 25. Qb2 Nh4+ 26. Kg1 Nf3+ 1/2-1/2

[Event "Roquetas de Mar op 35th"]
[Site "Roquetas de Mar"]
[Date "2024.01.06"]
[Round "8"]
[White "Vingris, Mikelis"]
[Black "Roquero Redondo, Miguel"]
[Result "1-0"]
[WhiteElo "2248"]
[BlackElo "1988"]
[PlyCount "51"]
[EventDate "2024.01.02"]
[EventType "swiss"]
[EventRounds "9"]
[EventCountry "ESP"]
[SourceTitle "CB02_2024"]
[SourceDate "2024.01.10"]
[SourceVersion "1"]
[SourceVersionDate "2024.01.10"]
[SourceQuality "1"]

1. e4 c5 2. Nf3 d6 3. d4 cxd4 4. Nxd4 Nf6 5. Bd3 e5 6. Ne2 Nc6 7. c4 Be7 8. Nbc3 0-0 9. 0-0 Nd7 10. Nd5 Bg5 11. b4 Bxc1 12. Rxc1 b6 13. Qb3 Re8 14. Qb2 Rb8 15. Qd2 Nf8 16. c5 bxc5 17. bxc5 Ne6 18. cxd6 Qxd6 19. Bb5 Ned8 20. Qd3 Kf8 21. Qc4 Bd7 22. Qa4 Rb7 23. Rfd1 Qb8 24. Bxc6 Nxc6 25. Rxc6 Re6 26. Qa3+ 1-0

[Event "Roquetas de Mar op 35th"]
[Site "Roquetas de Mar"]
[Date "2024.01.05"]
[Round "6"]
[White "Moral Garcia, Serafin"]
[Black "Roquero Redondo, Miguel"]
[Result "1-0"]
[WhiteElo "2246"]
[BlackElo "1988"]
[PlyCount "59"]
[EventDate "2024.01.02"]
[EventType "swiss"]
[EventRounds "9"]
[EventCountry "ESP"]
[SourceTitle "CB02_2024"]
[SourceDate "2024.01.10"]
[SourceVersion "1"]
[SourceVersionDate "2024.01.10"]
[SourceQuality "1"]

1. c4 e6 2. g3 Nf6 3. Bg2 d5 4. Nf3 Be7 5. 0-0 0-0 6. b3 b6 7. Bb2 Bb7 8. cxd5 exd5 9. d4 Nbd7 10. Nc3 c5 11. dxc5 bxc5 12. Ne1 Nb6 13. Nd3 Qc8 14. Rc1 d4 15. Bxb7 Qxb7 16. Nb1 Rac8 17. Nd2 Rfd8 18. Re1 h5 19. Rc2 h4 20. e4 dxe3 21. Rxe3 Nbd5 22. Re1 Nb6 23. Ne5 c4 24. bxc4 Bb4 25. Ng4 Ne4 26. Qf3 Rxd2 27. Rxd2 Bxd2 28. Rxe4 Qd7 29. Nf6+ gxf6 30. Qxf6 1-0

[Event "Roquetas de Mar op 35th"]
[Site "Roquetas de Mar"]
[Date "2024.01.02"]
[Round "1"]
[White "Stremavicius, Pijus"]
[Black "Roquero Redondo, Miguel"]
[Result "1-0"]
[WhiteElo "2393"]
[BlackElo "1988"]
[PlyCount "43"]
[EventDate "2024.01.02"]
[EventType "swiss"]
[EventRounds "9"]
[EventCountry "ESP"]
[SourceTitle "CB02_2024"]
[SourceDate "2024.01.10"]
[SourceVersion "1"]
[SourceVersionDate "2024.01.10"]
[SourceQuality "1"]

1. e4 c5 2. Nf3 d6 3. Bc4 Nf6 4. d3 Nc6 5. c3 e6 6. 0-0 Be7 7. Bb3 0-0 8. Re1 h6 9. d4 d5 10. e5 Nd7 11. Bc2 Re8 12. a3 c4 13. Nbd2 b5 14. Nf1 Nf8 15. Ng3 a5 16. Qd2 Nh7 17. Nh5 Ng5 18. Qf4 Nxf3+ 19. Qxf3 Bg5 20. Qg3 g6 21. Bxg5 Qxg5 22. Nf6+ 1-0

[Event "Alicante Easter op 7th"]
[Site "La Nucia"]
[Date "2023.04.05"]
[Round "1"]
[White "Roquero Redondo, Miguel"]
[Black "Chigaev, Maksim"]
[Result "1/2-1/2"]
[WhiteElo "1924"]
[BlackElo "2617"]
[PlyCount "105"]
[EventDate "2023.04.05"]
[EventType "swiss"]
[EventRounds "9"]
[EventCountry "ESP"]
[SourceTitle "CBM 213 Extra"]
[Source "ChessBase"]
[SourceDate "2023.05.31"]
[SourceVersion "1"]
[SourceVersionDate "2023.05.31"]
[SourceQuality "1"]

1. e4 c5 2. Nf3 d6 3. d4 cxd4 4. Nxd4 Nf6 5. Nc3 a6 6. Bg5 e6 7. f4 h6 8. Bh4 Nbd7 9. Qf3 e5 10. Nf5 exf4 11. Qxf4 g5 12. Nxd6+ Bxd6 13. Qxd6 gxh4 14. e5 Nxe5 15. Qxe5+ Qe7 16. Qxe7+ Kxe7 17. 0-0-0 Rg8 18. Nd5+ Nxd5 19. Rxd5 Rg5 20. Rd4 Rg4 21. Rxg4 Bxg4 22. Be2 Rg8 23. Bxg4 Rxg4 24. Re1+ Kf6 25. Re2 b5 26. Kd2 Kg5 27. Ke3 f5 28. Rd2 h3 29. g3 Re4+ 30. Kf3 Re1 31. c3 Rf1+ 32. Rf2 Ra1 33. a3 a5 34. Rd2 a4 35. Kf2 Rh1 36. Ke3 h5 37. Kf3 Rf1+ 38. Ke2 Rg1 39. Kf3 Rh1 40. Ke3 h4 41. gxh4+ Kxh4 42. Kf3 Rf1+ 43. Ke2 Rg1 44. Kf3 Rf1+ 45. Ke2 Rb1 46. Kf3 Kg5 47. Kg3 Rg1+ 48. Kf3 Rf1+ 49. Kg3 Rb1 50. Kf3 Kf6 51. Kg3 Kg5 52. Kf3 Rh1 53. Kg3 1/2-1/2

[Event "ESP-ch U18"]
[Site "Salobrena"]
[Date "2022.08.01"]
[Round "1"]
[White "Escartin Lacasa, Jose"]
[Black "Roquero Redondo, Miguel"]
[Result "1-0"]
[WhiteElo "2296"]
[BlackElo "1801"]
[PlyCount "87"]
[EventDate "2022.08.01"]
[EventType "swiss"]
[EventRounds "9"]
[EventCountry "ESP"]
[SourceTitle "EXT 2023"]
[Source "ChessBase"]
[SourceDate "2022.10.05"]
[SourceVersion "1"]
[SourceVersionDate "2022.10.05"]
[SourceQuality "1"]

1. d4 d5 2. Nf3 Nf6 3. c4 e6 4. g3 Be7 5. Bg2 0-0 6. 0-0 c6 7. Nc3 Nbd7 8. Qd3 b6 9. cxd5 cxd5 10. Bf4 Nh5 11. Bd2 Bb7 12. Rac1 Rc8 13. Rc2 Nhf6 14. Rfc1 a6 15. a4 Ne4 16. Bf4 f5 17. Nb1 g5 18. Bc7 Qe8 19. Qb3 g4 20. Ne5 Nxe5 21. Bxe5 b5 22. Rc7 Nd6 23. Qe3 Rf7 24. Qh6 Qd8 25. Rxc8 Bxc8 26. Rc6 Bb7 27. Rc2 Qd7 28. axb5 axb5 29. b3 Bd8 30. h3 gxh3 31. Bf3 Ne4 32. Bh5 Rf8 33. f4 Rf6 34. Bxf6 Bxf6 35. Bf3 Bxd4+ 36. Kh2 Bg7 37. Qxh3 Nf2 38. Qh5 h6 39. Qg6 e5 40. fxe5 f4 41. e6 fxg3+ 42. Qxg3 Qxe6 43. Rc7 Ng4+ 44. Bxg4 1-0

[Event "ESP-ch U16 Rapid"]
[Site "Salobrena"]
[Date "2022.07.30"]
[Round "4"]
[White "Sureda Gonzalez, Cristina"]
[Black "Roquero Redondo, Miguel"]
[Result "0-1"]
[WhiteElo "1349"]
[BlackElo "1611"]
[PlyCount "44"]
[EventDate "2022.07.30"]
[EventType "swiss (rapid)"]
[EventRounds "9"]
[EventCountry "ESP"]
[SourceTitle "EXT 2023"]
[Source "ChessBase"]
[SourceDate "2022.10.05"]
[SourceVersion "1"]
[SourceVersionDate "2022.10.05"]
[SourceQuality "1"]

1. e4 c5 2. Nf3 Nc6 3. Bb5 g6 4. Bxc6 dxc6 5. 0-0 Bg7 6. c3 e5 7. d3 Ne7 8. Be3 b6 9. d4 cxd4 10. cxd4 Bg4 11. dxe5 Qxd1 12. Rxd1 Bxf3 13. gxf3 Bxe5 14. Bd4 Rd8 15. Bxe5 Rxd1+ 16. Kg2 0-0 17. f4 f5 18. exf5 Nxf5 19. Kf3 Rfd8 20. Ke2 Rh1 21. a4 Nd4+ 22. Bxd4 Rxd4 0-1

[Event "Madrid-ch Previa-B"]
[Site "Madrid"]
[Date "2022.03.18"]
[Round "6"]
[White "Roquero Redondo, Miguel"]
[Black "Jimenez Carrazoni, Marta Elena"]
[Result "1-0"]
[WhiteElo "1734"]
[BlackElo "1452"]
[PlyCount "53"]
[EventDate "2022.03.03"]
[EventType "swiss"]
[EventRounds "9"]
[EventCountry "ESP"]
[SourceTitle "EXT 2023"]
[Source "ChessBase"]
[SourceDate "2022.10.05"]
[SourceVersion "1"]
[SourceVersionDate "2022.10.05"]
[SourceQuality "1"]

1. e4 c5 2. Nf3 Nc6 3. Nc3 e5 4. Bc4 Be7 5. d3 Nf6 6. Bg5 d6 7. Bxf6 Bxf6 8. Nd2 0-0 9. Nf1 Bg5 10. Nd5 g6 11. Nfe3 Kh8 12. 0-0 f5 13. exf5 gxf5 14. f4 exf4 15. Nxf4 Bxf4 16. Rxf4 Qg5 17. Qf1 Nd4 18. Re1 Re8 19. c3 Nc6 20. Qf2 Bd7 21. Rf1 Re5 22. Nxf5 Rae8 23. Nxd6 Re2 24. Nf7+ Kg7 25. Nxg5 Rxf2 26. R4xf2 Nd8 27. Nf7 1-0

[Event "Coin op"]
[Site "Coin"]
[Date "2021.04.01"]
[Round "1"]
[White "Bermudez Ureba, Juan Diego"]
[Black "Roquero Redondo, Miguel"]
[Result "1-0"]
[WhiteElo "2101"]
[BlackElo "1505"]
[PlyCount "51"]
[EventDate "2021.04.01"]
[EventType "swiss"]
[EventRounds "7"]
[EventCountry "ESP"]
[SourceTitle "EXT 2022"]
[Source "ChessBase"]
[SourceDate "2021.10.06"]
[SourceVersion "1"]
[SourceVersionDate "2021.10.06"]
[SourceQuality "1"]

1. e4 e5 2. Nf3 Nf6 3. Nxe5 d6 4. Nf3 Nxe4 5. Nc3 Nxc3 6. dxc3 Be7 7. Be3 0-0 8. Qd2 Nd7 9. 0-0-0 Ne5 10. Nd4 Be6 11. Nxe6 fxe6 12. Be2 Ng6 13. Bg4 e5 14. Qd5+ Kh8 15. Qxb7 Bg5 16. Bf3 Rb8 17. Qxa7 e4 18. Bxe4 Rxf2 19. Kb1 Bxe3 20. Qxe3 Qf6 21. Qa7 Re8 22. Bf3 Ne5 23. Qxf2 Rb8 24. Qa7 Rxb2+ 25. Kxb2 g6 26. Qxc7 1-0